Trial Manual for Defense Attorneys in Juvenile Delinquency Cases

Detalles Bibliográficos
Autor principal: Amsterdam, Anthony G.
Otros Autores: Guggenheim, Martin, Hertz, Randy A.
Formato: eBook
Lenguaje:inglés
Publicado: Chicago: American Bar Association, 2014
Materias:
Acceso en línea:Acceso restringido

MARC

LEADER 00000nam a22000007a 4500
005 2021022501471.0
007 cr|||| ||||
008 210225s2014 us |||||s|||| 00||0 eng d
020 |a 9781627226608 
035 |a 31248 
040 |a vLex 
090 |c 11272  |d 11272 
100 1 |a Amsterdam, Anthony G. 
245 1 0 |a Trial Manual for Defense Attorneys in Juvenile Delinquency Cases  |h [Recurso electrn̤ico] /  |c Anthony G. Amsterdam, Martin Guggenheim, Randy A. Hertz 
256 |a Servicio en ln̕ea 
260 |a Chicago:  |b American Bar Association,  |c 2014 
300 |a 1 recurso electrn̤ico 
500 |a This is a complete how-to guidebook for handling juvenile court cases from beginning to end. 
506 1 |a Disponible solo en los productos indicados  |d vLex Global  |d vLex Global (Academic Edition, excluding Law Schools)  |d vLex Global (Academic Edition, Law Schools) 
650 0 4 |a Derecho Penal  |z Estados Unidos 
650 0 4 |a Abogados  |z Estados Unidos 
700 1 |a Guggenheim, Martin 
700 1 |a Hertz, Randy A. 
740 0 |a vLex Libros (Servicio en ln̕ea) 
856 4 0 |u http://vlex.com/source/trial-manual-for-defense-attorneys-in-juvenile-delinquency-cases-31248  |z Acceso restringido 
942 |c BOOK 
999 0 |a Criminal Law 
999 0 |a Lawyers